[Event "WYCC 2004 - G18"]
[Site "Creta Maris Conference Hotel"]
[Date "2004.11.10"]
[Round "7.9"]
[White "Vega Gutierrez, Sabrina"]
[Black "Franco, Angela"]
[Result "1-0"]
[WhiteElo "2225"]
[BlackElo "2046"]
[PlyCount "91"]
[EventDate "2004.11.04"]

1. e4 e5 2. Nf3 Nc6 3. d4 exd4 4. Nxd4 Bc5 5. Nxc6 Qf6 6. Qd2 dxc6 7. Nc3 Bd7
8. Bd3 Bd4 9. O-O O-O-O 10. Ne2 Bg4 11. Nxd4 Qxd4 12. Qa5 Qb6 13. Qa3 a5 14.
Bd2 Nf6 15. Bxa5 Qa7 16. Bb4 Qxa3 17. Bxa3 Rhe8 18. f3 Be6 19. b3 Nd7 20. f4 f6
21. Rae1 Bg8 22. Kf2 b6 23. h4 Kb7 24. Bb4 b5 25. Rd1 c5 26. Bxb5 c6 27. Ba5
Nb6 28. Rxd8 Rxd8 29. Be2 Ra8 30. Bxb6 Kxb6 31. a4 c4 32. Ra1 cxb3 33. cxb3 Ka5
34. Rc1 Bxb3 35. Rxc6 Bxa4 36. Rc7 Rg8 37. Bc4 Re8 38. Bd5 Rb8 39. Rxg7 Rb2+
40. Kg3 h5 41. Ra7+ Kb4 42. Rb7+ Kc3 43. Rxb2 Kxb2 44. e5 fxe5 45. fxe5 Kc3 46.
Bf7 1-0

[Event "WYCC 2004 - G18"]
[Site "Creta Maris Conference Hotel"]
[Date "2004.11.10"]
[Round "7.10"]
[White "Muhren, Bianca"]
[Black "Orlovska, Madara"]
[Result "1-0"]
[WhiteElo "2343"]
[BlackElo "2029"]
[PlyCount "69"]
[EventDate "2004.11.04"]

1. e4 e5 2. Nf3 Nc6 3. d4 exd4 4. Nxd4 Qf6 5. Be3 Bc5 6. c3 Nge7 7. g3 b6 8.
Bg2 Bb7 9. Qd2 O-O-O 10. b4 Bxd4 11. cxd4 d5 12. e5 Qg6 13. O-O h5 14. a4 a5
15. b5 Nb4 16. Rc1 Kb8 17. Ra3 Nf5 18. Bf4 Rd7 19. Rac3 Qe6 20. h4 Re7 21. Bh3
Rc8 22. Na3 Qg6 23. Kh2 Ka7 24. Bg5 f6 25. Bf4 fxe5 26. Bxe5 Rce8 27. Rxc7 Nd6
28. Rxe7 Rxe7 29. Bxd6 Qxd6 30. Nc2 Nxc2 31. Rxc2 Re4 32. Kg2 Qf6 33. Rc7 Rxd4
34. Qg5 Rc4 35. Rxb7+ 1-0